000
00246nam a2200109Ia 4500
008
190907s9999||||xx |||||||||||||| ||und||
100
_a
David Whiteley
245
0
_a
E-Commerce
260
_a
UK
_b
Penguin Books
_c
2000
300
_a
259
942
_c
BK
999
_c
6613
_d
6613